Discografía de Reik - Estadísticas

Estadísticas generales
  • Esta prueba ha sido intentada 8 veces
  • La puntuación promedio es 17 de 82
Estadísticas de respuestas
Respuesta % Correcto
Ya Me Enteré
86%
Noviembre Sin Ti
71%
Creo en Ti
57%
Inolvidable
57%
Me Duele Amarte
57%
Me Niego
57%
Sabes
57%
Amigos Con Derechos
43%
Los Tragos
43%
Peligro
43%
Spanglish
43%
Te Fuiste de Aquí
43%
Yo Quisiera
43%
Aleluya
29%
Con la Cara en Alto
29%
Déjame Ir
29%
Déjate Llevar
29%
Fui
29%
Indeciso
29%
La Bella y la Bestia
29%
Nada
29%
Perfecta
29%
Qué Gano Olvidándote
29%
Qué Vida la Mía
29%
Ráptame
29%
Si Me Dices Que Sí
29%
Tu Mirada
29%
Un Día Más
29%
Vámonos Lejos
29%
Voy a Olvidarte
29%
We Only Have Tonight
29%
A Ciegas
14%
Adicto a Ti
14%
Al Fin Estás Aquí
14%
Aunque No Deba
14%
Brújulas
14%
Cálido y Rojo
14%
De Rodillas
14%
Duele
14%
Igual a Nada
14%
Ilusionado
14%
Invierno
14%
Irreversible
14%
Maldita Despedida
14%
Mas Cerca De Ti
14%
Mi Pecado
14%
Mi Tormenta Favorita
14%
Momentos
14%
Náufragos
14%
Niña
14%
No Desaparecerá
14%
No Hay Nadie Más
14%
No Me Hables del Ayer
14%
No Te Quiero Olvidar
14%
Pero Te Conocí
14%
Piel de Ciudad
14%
Poco
14%
Si Te Vas
14%
Un Amor de Verdad
14%
Voy a Estar
14%
Vuelve
14%
Vuelve a Mí
14%
Ahora Sin Ti
0%
Amor Primero
0%
Cada Mañana
0%
Ciego
0%
Cómo Me Duele
0%
Con la Falta Que Me Haces
0%
Cuando Estás Conmigo
0%
De Qué Sirve
0%
Levemente
0%
Llegó Tu Amor
0%
Lo Intenté Todo
0%
Lo Mejor Ya Va a Venir
0%
Loquita
0%
No Sé Por Qué Te Vas
0%
No Sé Si Es Amor
0%
Quédate
0%
Quien Decide es el Amor
0%
Sin Conocerte
0%
Vivo en Sueños
0%
Ya Veremos
0%
No se encontraron pruebas coincidentes
Distribución de puntuación
Porcentaje de gente con cada puntuación
Porcentaje por número respondido
Historial de tus puntuaciones
No has intentado esta prueba.